000 00312nam a2200157Ia 4500
100 _aVanhelsuwe/Laurance
250 _a2
942 _cBK
654 _aComputer
245 _aMastering Java 1.1.
260 _bB.P.B.
_c1997
082 _a005.13 (J)
300 _a1049
546 _aENGLISH
999 _c22683
_d22683